000 00401cam a22001217a 4500
008 180718b1987 xxu||||| |||| 00| 0 eng d
082 _aA81x54 In2/81/25/Pt8A&B
100 _aCensus of India 1981
245 _aArunachal Pradesh: household tables
260 _aDelhi
_bController of Publications
_c1987
300 _a607+p.
440 _aCensus of India 1981. Series-25, Arunachal Pradesh. Part-VIII A & B
999 _c482585
_d482585